[Event "Hastings Weekend op-A"]
[Site "Hastings"]
[Date "2024.01.07"]
[Round "4"]
[White "Liu, Tianyi"]
[Black "Steiners, Emils"]
[Result "1-0"]
[WhiteElo "2030"]
[BlackElo "2021"]
[PlyCount "61"]
[EventDate "2024.01.06"]
[EventType "swiss"]
[EventRounds "5"]
[EventCountry "ENG"]
[SourceTitle "CB02_2024"]
[SourceDate "2024.01.10"]
[SourceVersion "1"]
[SourceVersionDate "2024.01.10"]
[SourceQuality "1"]

1. e4 e6 2. d4 d5 3. Nc3 Bb4 4. e5 Ne7 5. a3 Bxc3+ 6. bxc3 b6 7. Qg4 Ng6 8. h4 h5 9. Qg3 Ba6 10. Ne2 Qd7 11. a4 c5 12. Nf4 Nxf4 13. Bxf4 Kf8 14. Bxa6 Nxa6 15. Qd3 Nb8 16. 0-0 c4 17. Qg3 Nc6 18. Bg5 Ne7 19. Rfb1 Ng8 20. Qf3 Rh7 21. Rb5 f6 22. Rab1 f5 23. a5 g6 24. axb6 Qc6 25. bxa7 Rhxa7 26. Rb6 Qc8 27. Qf4 Ra6 28. Bh6+ Ke8 29. Qg5 Ne7 30. Rb7 Qd8 31. Qf6 1-0

[Event "Hastings Masters op"]
[Site "Hastings"]
[Date "2024.01.04"]
[Round "8"]
[White "Boggarapu, Kritan"]
[Black "Liu, Tianyi"]
[Result "0-1"]
[WhiteElo "1857"]
[BlackElo "2022"]
[PlyCount "82"]
[EventDate "2023.12.28"]
[EventType "swiss"]
[EventRounds "9"]
[EventCountry "ENG"]
[SourceTitle "CB02_2024"]
[SourceDate "2024.01.10"]
[SourceVersion "1"]
[SourceVersionDate "2024.01.10"]
[SourceQuality "1"]

1. e4 c5 2. Nf3 e6 3. d4 cxd4 4. Nxd4 Nc6 5. Nc3 Qc7 6. Be3 a6 7. Qd2 Nf6 8. f3 Be7 9. 0-0-0 b5 10. Kb1 Nxd4 11. Bxd4 Bb7 12. g4 0-0 13. h4 e5 14. Bf2 Rac8 15. g5 b4 16. Na4 Nxe4 17. fxe4 Bxe4 18. Bd3 Bxh1 19. Rxh1 Qc6 20. Qe1 Qxa4 21. Qe4 g6 22. h5 Qc6 23. Qh4 Bxg5 24. Qh2 h6 25. hxg6 e4 26. Bh4 exd3 27. c4 Qxc4 28. Bxg5 Qc2+ 29. Qxc2 dxc2+ 30. Kc1 hxg5 31. gxf7+ Rxf7 32. Rg1 Kf8 33. a3 bxa3 34. bxa3 g4 35. a4 g3 36. a5 g2 37. Kb2 Rf1 38. Rxf1+ gxf1Q 39. Ka2 Qb1+ 40. Ka3 Rc3+ 41. Ka4 Qb3# 0-1

[Event "Hastings Masters op"]
[Site "Hastings"]
[Date "2023.12.29"]
[Round "2"]
[White "Ruane, Brendan J"]
[Black "Liu, Tianyi"]
[Result "0-1"]
[WhiteElo "1823"]
[BlackElo "2022"]
[PlyCount "98"]
[EventDate "2023.12.28"]
[EventType "swiss"]
[EventRounds "9"]
[EventCountry "ENG"]
[SourceTitle "CB02_2024"]
[SourceDate "2024.01.10"]
[SourceVersion "1"]
[SourceVersionDate "2024.01.10"]
[SourceQuality "1"]

1. d4 Nf6 2. c4 g6 3. h4 Bg7 4. Nc3 d6 5. e4 c5 6. d5 e6 7. Be2 exd5 8. exd5 0-0 9. h5 Re8 10. hxg6 fxg6 11. Bg5 Bf5 12. Qd2 Nbd7 13. 0-0-0 Qa5 14. f3 Ne5 15. Qf4 Nh5 16. Rxh5 gxh5 17. Qxf5 Ng6 18. Qc2 a6 19. Kb1 Rab8 20. Ne4 b5 21. Nf6+ Bxf6 22. Bxf6 bxc4 23. Bxc4 Re1 24. Ne2 Rxd1+ 25. Qxd1 Qb4 26. Qc1 Kf7 27. Qc3 Qa4 28. b3 Qd7 29. Ng3 Re8 30. Ne4 Qf5 31. g4 hxg4 32. Bd3 Rxe4 33. Bxe4 Qxf6 34. Qxf6+ Kxf6 35. fxg4 Ke5 36. Bd3 a5 37. Bc4 h6 38. Kb2 Nf4 39. Ka3 Nxd5 40. Ka4 Nc3+ 41. Kxa5 Nxa2 42. Kb5 Nb4 43. Bf7 Nd5 44. Kc6 Nf6 45. Bh5 Nxh5 46. gxh5 d5 47. Kxc5 d4 48. Kc4 Ke4 49. b4 d3 0-1

[Event "ENG-ch Chessable"]
[Site "Kenilworth"]
[Date "2023.05.28"]
[Round "5"]
[White "Bak, Christopher"]
[Black "Liu, Tianyi"]
[Result "1/2-1/2"]
[WhiteElo "2010"]
[BlackElo "1915"]
[PlyCount "88"]
[EventDate "2023.05.26"]
[EventType "swiss"]
[EventRounds "7"]
[EventCountry "ENG"]
[SourceTitle "CBM 214 Extra"]
[Source "ChessBase"]
[SourceDate "2023.07.31"]
[SourceVersion "1"]
[SourceVersionDate "2023.07.31"]
[SourceQuality "1"]

1. c4 e5 2. Nc3 Nf6 3. Nf3 Nc6 4. g3 d5 5. cxd5 Nxd5 6. Bg2 Nb6 7. a3 Be7 8. 0-0 0-0 9. d3 Be6 10. b4 a5 11. b5 Nd4 12. Nd2 c6 13. bxc6 Nxc6 14. Bb2 a4 15. Rc1 Ra5 16. Ncb1 Rb5 17. Ba1 f6 18. Nc3 Ra5 19. Rb1 Bxa3 20. Rb5 Rxb5 21. Nxb5 Be7 22. Qb1 Nd7 23. Nc4 Nc5 24. Bc3 g6 25. Qb2 Kg7 26. Ne3 Bb3 27. d4 exd4 28. Nxd4 Nxd4 29. Bxd4 Ne6 30. Bc3 b5 31. Nd5 Nc7 32. Nxe7 Qxe7 33. Qd2 Rd8 34. Qf4 Nd5 35. Bxd5 Rxd5 36. e4 Rd7 37. e5 fxe5 38. Bxe5+ Kg8 39. Bc3 Qd6 40. Qh4 Qe7 41. Qf4 Qd6 42. Qh4 Qe7 43. Qg4 Qe6 44. Qf4 Qd6 1/2-1/2

[Event "Cambridge op"]
[Site "Cambridge"]
[Date "2023.02.15"]
[Round "1"]
[White "Liu, Tianyi"]
[Black "Korneev, Oleg"]
[Result "0-1"]
[WhiteElo "1865"]
[BlackElo "2485"]
[PlyCount "104"]
[EventDate "2023.02.15"]
[EventType "swiss"]
[EventRounds "9"]
[EventCountry "ENG"]
[SourceTitle "CBM 212 Extra"]
[Source "ChessBase"]
[SourceDate "2023.03.31"]
[SourceVersion "1"]
[SourceVersionDate "2023.03.31"]
[SourceQuality "1"]

1. e4 c5 2. Nf3 e6 3. d4 cxd4 4. Nxd4 a6 5. Bd3 Bc5 6. Nb3 Be7 7. Qe2 d6 8. Nc3 Nf6 9. 0-0 Nc6 10. f4 Qc7 11. Be3 0-0 12. Rae1 b5 13. a3 Bb7 14. Kh1 Rac8 15. Bd2 b4 16. axb4 Nxb4 17. Nb5 axb5 18. Bxb4 e5 19. Bc3 Bc6 20. Nd2 Qb8 21. Nf3 Nd7 22. Bd2 Bf6 23. b3 Rfe8 24. fxe5 dxe5 25. Bg5 Re6 26. Bxf6 Rxf6 27. Ng5 h6 28. Rxf6 Nxf6 29. Nf3 Nh5 30. Nh4 Nf4 31. Qe3 Bd7 32. Nf5 Bxf5 33. exf5 Nxd3 34. Qxd3 f6 35. Rd1 b4 36. Qe4 Qc7 37. Rd2 Qc3 38. Re2 Rd8 39. h3 Qg3 40. Re1 Rd2 41. Rg1 Kh7 42. Qxb4 Rxc2 43. Qb7 Qf4 44. Qd7 Rb2 45. Qd3 e4 46. Qd4 Rd2 47. Qc4 Qe5 48. Re1 e3 49. Qg4 e2 50. Qf3 Ra2 51. Qf2 Ra1 52. Kg1 Qc3 0-1

[Event "Hastings Masters op"]
[Site "Hastings"]
[Date "2023.01.03"]
[Round "7"]
[White "Marusenko, Petr"]
[Black "Liu, Tianyi"]
[Result "1/2-1/2"]
[WhiteElo "2041"]
[BlackElo "1892"]
[PlyCount "149"]
[EventDate "2022.12.28"]
[EventType "swiss"]
[EventRounds "10"]
[EventCountry "ENG"]
[SourceTitle "CBM 212 Extra"]
[Source "ChessBase"]
[SourceDate "2023.03.31"]
[SourceVersion "1"]
[SourceVersionDate "2023.03.31"]
[SourceQuality "1"]

1. d4 Nf6 2. c4 g6 3. Nc3 d5 4. Nf3 Bg7 5. e3 0-0 6. cxd5 Nxd5 7. Bc4 Nb6 8. Bb3 c5 9. 0-0 Na6 10. h3 Bd7 11. d5 Nc7 12. e4 Nb5 13. Ne2 c4 14. Bc2 e5 15. a4 Nd6 16. a5 Nbc8 17. Nc3 Nb5 18. Be3 Nxc3 19. bxc3 Qc7 20. Qc1 Nd6 21. Qa3 Rfc8 22. Rfb1 f6 23. Nd2 Bf8 24. Qb2 Kg7 25. f4 Nb5 26. fxe5 Qxe5 27. Ba4 a6 28. Bxb5 axb5 29. Bd4 Bc5 30. Bxc5 Rxc5 31. Re1 Qg3 32. Nf1 Qg5 33. Re3 Rcc8 34. Rae1 Qe5 35. Qb4 Ra6 36. Nd2 Qd6 37. Nf3 Qxb4 38. cxb4 Rd6 39. g4 h6 40. Nd4 Rf8 41. Kh2 Rh8 42. h4 h5 43. g5 fxg5 44. hxg5 Rf8 45. Rf3 Rxf3 46. Nxf3 Be8 47. Kg3 Rd8 48. Kf4 Kf8 49. Ke5 Ke7 50. Kd4 Rc8 51. Ne5 c3 52. Rc1 Kd6 53. Rc2 Rc7 54. Nf3 Rc4+ 55. Kd3 Rxb4 56. Rxc3 Ra4 57. Rc8 Bd7 58. Rg8 Ra3+ 59. Ke2 Bg4 60. Rxg6+ Ke7 61. Rf6 Bxf3+ 62. Rxf3 Rxf3 63. Kxf3 b4 64. g6 b3 65. g7 Kf7 66. d6 b2 67. d7 Kxg7 68. d8Q b1Q 69. Qg5+ Kf8 70. Qc5+ Kg7 71. e5 Qf5+ 72. Ke3 Qg5+ 73. Ke4 Qg2+ 74. Kd3 Qf1+ 75. Kc2 1/2-1/2

[Event "Hastings Masters op"]
[Site "Hastings"]
[Date "2022.12.31"]
[Round "4"]
[White "Banerjee, Supratit"]
[Black "Liu, Tianyi"]
[Result "0-1"]
[WhiteElo "1541"]
[BlackElo "1892"]
[PlyCount "162"]
[EventDate "2022.12.28"]
[EventType "swiss"]
[EventRounds "10"]
[EventCountry "ENG"]
[SourceTitle "CBM 212 Extra"]
[Source "ChessBase"]
[SourceDate "2023.03.31"]
[SourceVersion "1"]
[SourceVersionDate "2023.03.31"]
[SourceQuality "1"]

1. e4 c5 2. c3 d5 3. exd5 Qxd5 4. d4 Nf6 5. Nf3 Bg4 6. Be2 e6 7. Be3 cxd4 8. cxd4 Nc6 9. Nc3 Qd6 10. 0-0 Be7 11. Nb5 Qb8 12. h3 Bh5 13. Rc1 a6 14. Nc3 0-0 15. Qb3 Rd8 16. Rfd1 Nb4 17. Bg5 Nbd5 18. Nxd5 Nxd5 19. Bxe7 Nxe7 20. Rc5 Nd5 21. Bc4 Nf6 22. Qe3 Qd6 23. Rg5 Bg6 24. Ne5 Re8 25. f4 Nd7 26. Nxg6 hxg6 27. Bb3 Nf6 28. Qf3 Rad8 29. Kh1 Qb6 30. Qd3 Rd6 31. f5 exf5 32. Rxg6 Ne4 33. Rxd6 Qxd6 34. Kg1 Rc8 35. Qf3 g6 36. Qd3 Qf4 37. Qf3 Qd6 38. Qd3 Qc7 39. Rf1 Rd8 40. g4 Qg3+ 41. Qxg3 Nxg3 42. Rd1 Rxd4 43. Kf2 Rxd1 44. Bxd1 Ne4+ 45. Ke3 Nd6 46. Kd4 fxg4 47. hxg4 Kf8 48. Kc5 Ke7 49. Kb6 Kd7 50. Bb3 f6 51. Bd5 Kc8 52. Be6+ Kb8 53. Bd5 Nc8+ 54. Kc5 Kc7 55. Bf7 Ne7 56. a4 b6+ 57. Kd4 Kd6 58. Bc4 Nc6+ 59. Ke4 a5 60. b3 Kc5 61. Bd5 f5+ 62. gxf5 gxf5+ 63. Kxf5 Kxd5 64. Kf4 Kd4 65. Kf3 Kc3 66. Ke3 Kxb3 67. Kd3 Nb4+ 68. Kd2 Kxa4 69. Kc1 Kb3 70. Kb1 a4 71. Ka1 a3 72. Kb1 a2+ 73. Kc1 Kc3 74. Kd1 Kd3 75. Ke1 Ke3 76. Kf1 a1Q+ 77. Kg2 Qf6 78. Kg1 Kf3 79. Kh2 Qh4+ 80. Kg1 Qf2+ 81. Kh1 Qg2# 0-1

[Event "Hastings Masters op"]
[Site "Hastings"]
[Date "2022.12.29"]
[Round "2"]
[White "Dewangan, Aayush"]
[Black "Liu, Tianyi"]
[Result "1-0"]
[WhiteElo "1472"]
[BlackElo "1892"]
[PlyCount "65"]
[EventDate "2022.12.28"]
[EventType "swiss"]
[EventRounds "10"]
[EventCountry "ENG"]
[SourceTitle "CBM 212 Extra"]
[Source "ChessBase"]
[SourceDate "2023.03.31"]
[SourceVersion "1"]
[SourceVersionDate "2023.03.31"]
[SourceQuality "1"]

1. e4 c5 2. Nf3 e6 3. d4 cxd4 4. Nxd4 Nc6 5. Nc3 Qc7 6. Be3 a6 7. Qd2 Nf6 8. 0-0-0 Bb4 9. f3 Ne5 10. g4 b5 11. Bf4 0-0 12. a3 Be7 13. g5 Nh5 14. Bg3 d6 15. f4 Nc4 16. Qe2 g6 17. Ndxb5 axb5 18. Nxb5 Qb6 19. Qxc4 Bb7 20. Nc3 Rfc8 21. Qd4 Qc7 22. Bd3 Bc6 23. Rhe1 Rcb8 24. Bc4 Bf8 25. Bb3 Qa5 26. Qc4 Bd7 27. f5 Nxg3 28. hxg3 d5 29. exd5 Rc8 30. Qd4 Bc5 31. Qe5 exf5 32. d6 Rf8 33. Nd5 1-0

[Event "Sitges Sunway op 9th"]
[Site "Sitges"]
[Date "2022.12.15"]
[Round "4"]
[White "Liu, Tianyi"]
[Black "Van Kessel, Wessel"]
[Result "0-1"]
[WhiteElo "1892"]
[BlackElo "2145"]
[PlyCount "91"]
[EventDate "2022.12.12"]
[EventType "swiss"]
[EventRounds "10"]
[EventCountry "ESP"]
[SourceTitle "CBM 211 Extra"]
[Source "ChessBase"]
[SourceDate "2023.01.31"]
[SourceVersion "1"]
[SourceVersionDate "2023.01.31"]
[SourceQuality "1"]

1. e4 e6 2. d4 d5 3. Nc3 Be7 4. e5 c5 5. Nf3 Nc6 6. Bb5 Bd7 7. Bxc6 Bxc6 8. Ne2 cxd4 9. Nexd4 h5 10. c3 Nh6 11. h3 Qc7 12. Qe2 Nf5 13. Nxf5 exf5 14. Nd4 Bd7 15. Bd2 0-0-0 16. 0-0-0 Qc4 17. Kb1 Bc5 18. Qxc4 dxc4 19. Bf4 Be6 20. f3 Be7 21. Be3 b6 22. Nc6 Rd7 23. Rxd7 Kxd7 24. Nxa7 Kc7 25. Nb5+ Kb7 26. Rd1 g5 27. Nd4 Bc8 28. Bf2 f4 29. Kc1 Bc5 30. Re1 Re8 31. Kd2 Bd7 32. Re2 Kc7 33. Ke1 Bf8 34. Nc2 Bf5 35. Bd4 Bd3 36. Rd2 f6 37. e6 Rxe6+ 38. Kf2 Rd6 39. Nb4 Rxd4 40. Na6+ Kb7 41. cxd4 Kxa6 42. Rd1 f5 43. g3 Bg7 44. d5 fxg3+ 45. Kxg3 Bxb2 46. d6 0-1

[Event "Leamington Spa 4NCL op-A 28th"]
[Site "Leamington Spa"]
[Date "2022.07.10"]
[Round "4"]
[White "Liu, Tianyi"]
[Black "Ireland, David J"]
[Result "0-1"]
[WhiteElo "1621"]
[BlackElo "1989"]
[PlyCount "86"]
[EventDate "2022.07.08"]
[EventType "swiss"]
[EventRounds "5"]
[EventCountry "ENG"]
[SourceTitle "CBM 209 Extra"]
[Source "ChessBase"]
[SourceDate "2022.09.30"]
[SourceVersion "1"]
[SourceVersionDate "2022.09.30"]
[SourceQuality "1"]

1. e4 Nf6 2. e5 Nd5 3. d4 d6 4. c4 Nb6 5. exd6 exd6 6. Nf3 Bg4 7. Be3 Be7 8. Nbd2 Nc6 9. Be2 0-0 10. 0-0 Re8 11. Rc1 Bf6 12. Re1 d5 13. c5 Nc8 14. Nf1 N8e7 15. Ng3 Nf5 16. Nxf5 Bxf5 17. Qd2 h6 18. h3 Qd7 19. Nh2 Re7 20. Ng4 Qe6 21. Bf3 Bxg4 22. Bxg4 Qe4 23. Bf3 Qf5 24. Bg4 Qg6 25. Bf3 Rd8 26. Bd1 Rde8 27. Bc2 Qh5 28. Qd3 g6 29. Ba4 Qh4 30. Bxc6 bxc6 31. Rcd1 Re4 32. Rf1 g5 33. Qd2 Kh8 34. b4 h5 35. g3 Qxh3 36. Bxg5 Bxd4 37. Bf6+ Bxf6 38. Qh6+ Kg8 39. Qxf6 R8e6 40. Qd8+ Kg7 41. Rd3 h4 42. Qxc7 Re1 43. Rd1 Qxf1+ 0-1

[Event "Leamington Spa 4NCL op-A 28th"]
[Site "Leamington Spa"]
[Date "2022.07.09"]
[Round "2"]
[White "Liu, Tianyi"]
[Black "Saunders, Aron"]
[Result "0-1"]
[WhiteElo "1621"]
[BlackElo "1769"]
[PlyCount "94"]
[EventDate "2022.07.08"]
[EventType "swiss"]
[EventRounds "5"]
[EventCountry "ENG"]
[SourceTitle "CBM 209 Extra"]
[Source "ChessBase"]
[SourceDate "2022.09.30"]
[SourceVersion "1"]
[SourceVersionDate "2022.09.30"]
[SourceQuality "1"]

1. e4 c6 2. d4 d5 3. e5 Bf5 4. Nc3 e6 5. g4 Bg6 6. Nge2 c5 7. h4 h5 8. Nf4 Bh7 9. g5 Bf5 10. Bd3 Bxd3 11. Qxd3 g6 12. Be3 Ne7 13. 0-0-0 Nbc6 14. Nfe2 Nf5 15. f4 c4 16. Qd2 Qa5 17. Kb1 b5 18. Nc1 b4 19. N3e2 c3 20. Qd3 cxb2 21. Nb3 Qb6 22. Bf2 a5 23. Ng3 Nxg3 24. Qxg3 Na7 25. Kxb2 Nb5 26. f5 exf5 27. Rhe1 Nc3 28. Ra1 Ne4 29. Qe3 Rc8 30. Red1 Rc3 31. Rd3 a4 32. Nd2 Qc6 33. Rc1 a3+ 34. Kb1 Be7 35. Nxe4 fxe4 36. Rxc3 bxc3 37. Ka1 0-0 38. Be1 Rc8 39. Rb1 Qc4 40. Bg3 Qa4 41. Rb3 Qc4 42. Rb1 Bb4 43. Bf2 Ba5 44. Bg3 Rc6 45. Be1 Rb6 46. Rxb6 Bxb6 47. Bxc3 Bxd4 0-1

[Event "London Mill Hill op U2200"]
[Site "London"]
[Date "2021.11.28"]
[Round "4"]
[White "Lishoy Gengis Paratazham, Dildarav"]
[Black "Liu, Tianyi"]
[Result "0-1"]
[WhiteElo "1342"]
[BlackElo "1522"]
[PlyCount "122"]
[EventDate "2021.11.27"]
[EventType "swiss"]
[EventRounds "5"]
[EventCountry "ENG"]
[SourceTitle "EXT 2023"]
[Source "ChessBase"]
[SourceDate "2022.10.05"]
[SourceVersion "1"]
[SourceVersionDate "2022.10.05"]
[SourceQuality "1"]

1. g3 d5 2. Bg2 Nf6 3. Nf3 g6 4. 0-0 Bg7 5. d4 0-0 6. c3 Bf5 7. Bg5 Ne4 8. Bf4 c6 9. Nbd2 Nxd2 10. Qxd2 Nd7 11. Bh6 Re8 12. Bxg7 Kxg7 13. Nh4 Be6 14. f4 f5 15. Nf3 Nf6 16. Ng5 Qd6 17. Qe3 Bc8 18. Qe5 Kg8 19. Qxd6 exd6 20. Rfe1 a5 21. a4 Kg7 22. h3 h6 23. Nf3 Ne4 24. Kh2 Bd7 25. b4 Nxc3 26. bxa5 Rxa5 27. e3 Rxa4 28. Rxa4 Nxa4 29. Rb1 b5 30. Rb3 Nb6 31. h4 Nc4 32. Ne1 Rxe3 33. Rxe3 Nxe3 34. Nd3 Nc2 35. Nb2 Nxd4 36. Kh3 b4 37. Nd3 b3 38. h5 g5 39. fxg5 hxg5 40. Nb2 g4+ 41. Kh4 Nf3+ 42. Bxf3 gxf3 43. Kh3 f4+ 44. Kh2 fxg3+ 45. Kxg3 Bg4 46. Kf2 Bxh5 47. Nd3 Kf6 48. Nb2 c5 49. Ke3 c4 50. Kf2 Ke5 51. Ke3 d4+ 52. Kf2 d5 53. Nd3+ cxd3 54. Ke1 d2+ 55. Kxd2 f2 56. Kc1 f1Q+ 57. Kb2 d3 58. Kc3 b2 59. Kxb2 Qe2+ 60. Ka1 d2 61. Kb1 d1Q# 0-1

[Event "London Mill Hill op U2200"]
[Site "London"]
[Date "2021.11.27"]
[Round "3"]
[White "Liu, Tianyi"]
[Black "Kumar, Sanjit S"]
[Result "0-1"]
[WhiteElo "1522"]
[BlackElo "1769"]
[PlyCount "154"]
[EventDate "2021.11.27"]
[EventType "swiss"]
[EventRounds "5"]
[EventCountry "ENG"]
[SourceTitle "EXT 2023"]
[Source "ChessBase"]
[SourceDate "2022.10.05"]
[SourceVersion "1"]
[SourceVersionDate "2022.10.05"]
[SourceQuality "1"]

1. e4 e6 2. d4 d5 3. Nc3 Bb4 4. e5 c5 5. a3 Bxc3+ 6. bxc3 Ne7 7. Qg4 Qc7 8. Qxg7 Rg8 9. Qxh7 cxd4 10. Ne2 dxc3 11. f4 Nbc6 12. Nxc3 a6 13. Qd3 Bd7 14. Bb2 Nf5 15. g3 Nce7 16. Be2 Bc6 17. Bf3 0-0-0 18. 0-0-0 d4 19. Ne4 Bb5 20. Qb3 Bc4 21. Qb4 Nd5 22. Qc5 Qxc5 23. Nxc5 b6 24. Ne4 Nde3 25. Rd2 Bd5 26. Re1 Bc6 27. Bh1 Nc4 28. Rf2 Bb7 29. Nf6 Rh8 30. Bxb7+ Kxb7 31. Rd1 Nfe3 32. Rd3 Nxb2 33. Kxb2 b5 34. Ne4 Kc6 35. Kb3 Nc4 36. Nd2 Na5+ 37. Ka2 Kb6 38. Nf3 Nc6 39. Ng5 Rd7 40. h4 b4 41. Rd1 bxa3 42. Kxa3 Na5 43. Nf3 Nc4+ 44. Ka2 Kc5 45. Nd2 Ne3 46. Rc1 Nd5 47. Kb2 Nc3 48. Re1 Rb8+ 49. Nb3+ Kc4 50. Rd2 a5 51. Ra1 a4 52. Ra3 axb3 53. cxb3+ Kb5 54. Ra1 Ne4 55. Rd3 Nc5 56. Rdd1 d3 57. h5 Ne4 58. h6 Nxg3 59. Rg1 Nf5 60. h7 Rh8 61. Rh1 d2 62. Rag1 d1Q 63. Rxd1 Rxd1 64. Rxd1 Rxh7 65. Rd7 Kc6 66. Ra7 Nh6 67. Kc3 Rh8 68. Ra1 Rc8 69. Kd4 Rb8 70. Rc1+ Kd7 71. Rc3 Nf5+ 72. Ke4 Rb4+ 73. Kf3 Nd4+ 74. Ke3 Nxb3 75. Rd3+ Ke7 76. Kf3 Nc5 77. Rc3 Rb3 0-1

[Event "Hastings Masters op 95th"]
[Site "Hastings"]
[Date "2019.12.30"]
[Round "3"]
[White "Liu, Tianyi"]
[Black "Wilson, Matthew R"]
[Result "0-1"]
[WhiteElo "1307"]
[BlackElo "1837"]
[PlyCount "158"]
[EventDate "2019.12.28"]
[EventType "swiss"]
[EventRounds "9"]
[EventCountry "ENG"]
[SourceTitle "CBM 194 Extra"]
[Source "ChessBase"]
[SourceDate "2020.03.31"]
[SourceVersion "1"]
[SourceVersionDate "2020.03.31"]
[SourceQuality "1"]

1. e4 c5 2. Nf3 e6 3. d4 cxd4 4. Nxd4 a6 5. Nc3 Qc7 6. Bd3 Nf6 7. 0-0 d6 8. Kh1 Nbd7 9. f4 Be7 10. Qe2 b5 11. a3 Bb7 12. Nb3 0-0 13. Bd2 Rac8 14. Rae1 Nb6 15. e5 Nfd7 16. exd6 Bxd6 17. Ne4 Bxe4 18. Qxe4 Nf6 19. Qf3 Nc4 20. Bc3 Be7 21. Bxc4 Qxc4 22. Nd2 Qd5 23. Bxf6 Qxf3 24. Nxf3 Bxf6 25. c3 Rfd8 26. Rd1 Kf8 27. Kg1 a5 28. Kf2 b4 29. axb4 axb4 30. Rxd8+ Bxd8 31. Rc1 Bf6 32. Ke2 bxc3 33. bxc3 Rxc3 34. Rxc3 Bxc3 35. Kd3 Bf6 36. Ke4 g6 37. g4 h6 38. h4 h5 39. g5 Bc3 40. Kd3 Ba5 41. Ke4 Bb4 42. Ne5 Ba5 43. Nf3 Bc7 44. Ne5 Ke7 45. Nc6+ Kd7 46. Nd4 Bb8 47. Nf3 Kc6 48. Nd4+ Kd6 49. Nf3 Ke7 50. Ne5 Bc7 51. Nc6+ Kd7 52. Nd4 Bd8 53. Ke5 Be7 54. Nf3 Ke8 55. Nd4 Bc5 56. Nf3 Bf2 57. Ke4 Ke7 58. Ke5 Bg3 59. Ke4 Ke8 60. Ke5 Kf8 61. Ke4 Ke7 62. Ke5 Bf2 63. Ke4 f6 64. Kd3 fxg5 65. fxg5 Kd6 66. Ke4 Bg3 67. Kd4 e5+ 68. Ke4 Ke6 69. Kd3 Kf5 70. Ke3 Bf4+ 71. Ke2 Kg4 72. Kf2 e4 73. Ne1 Bg3+ 74. Ke3 Bxe1 75. Kxe4 Bxh4 76. Ke3 Kg3 77. Ke2 Kg2 78. Ke3 Bxg5+ 79. Ke4 h4 0-1

[Event "Hastings Masters op 95th"]
[Site "Hastings"]
[Date "2019.12.29"]
[Round "2"]
[White "Thatte, Nishchal"]
[Black "Liu, Tianyi"]
[Result "1-0"]
[WhiteElo "1723"]
[BlackElo "1307"]
[PlyCount "79"]
[EventDate "2019.12.28"]
[EventType "swiss"]
[EventRounds "9"]
[EventCountry "ENG"]
[SourceTitle "CBM 194 Extra"]
[Source "ChessBase"]
[SourceDate "2020.03.31"]
[SourceVersion "1"]
[SourceVersionDate "2020.03.31"]
[SourceQuality "1"]

1. e4 c5 2. c3 d5 3. exd5 Qxd5 4. d4 Nf6 5. Nf3 Nc6 6. Be3 Bg4 7. dxc5 Qxd1+ 8. Kxd1 Nd5 9. Bd2 e5 10. b4 e4 11. h3 exf3 12. hxg4 fxg2 13. Bxg2 0-0-0 14. Kc2 g6 15. Na3 Nc7 16. Nc4 Rd7 17. Bxc6 bxc6 18. Ne5 Re7 19. Bg5 Rxe5 20. Bf6 Bg7 21. Bxg7 Re2+ 22. Kd3 Rhe8 23. Bd4 R2e7 24. Rxh7 Rd7 25. Rah1 Ne6 26. Rh8 Rxh8 27. Rxh8+ Kb7 28. Kc4 Nd8 29. a4 a6 30. Re8 Ne6 31. Bf6 Nf4 32. b5 axb5+ 33. axb5 Nd5 34. bxc6+ Kxc6 35. Rc8+ Nc7 36. Be5 Re7 37. Rxc7+ Rxc7 38. Bxc7 Kxc7 39. Kd5 Kd7 40. c6+ 1-0

[Event "Warren Bottom-Half U1500 op"]
[Site "Warren"]
[Date "2004.06.26"]
[Round "1"]
[White "Liu, Tianyi"]
[Black "Brereton, Justin"]
[Result "1/2-1/2"]
[WhiteElo "1406"]
[BlackElo "1478"]
[PlyCount "62"]
[EventDate "2004.06.26"]
[EventType "swiss"]
[EventRounds "5"]
[EventCountry "USA"]
[SourceTitle "EXT 2008"]
[Source "ChessBase"]
[SourceDate "2007.11.25"]
[SourceVersion "1"]
[SourceVersionDate "2007.11.25"]
[SourceQuality "1"]

1. e4 c5 2. Nf3 e6 3. d4 cxd4 4. Nxd4 Nf6 5. Nc3 Nc6 6. Ndb5 d6 7. Bf4 e5 8. Bg5 a6 9. Na3 b5 10. Nd5 Qa5+ 11. Bd2 Qd8 12. Bd3 Nxd5 13. exd5 Ne7 14. c4 g6 15. Qb3 Bb7 16. cxb5 Bxd5 17. Bc4 Bxc4 18. Nxc4 Bg7 19. bxa6 0-0 20. Qa3 d5 21. Bb4 Nf5 22. Nd6 Nxd6 23. Bxd6 Re8 24. Bc5 e4 25. 0-0 Qf6 26. Rab1 Rxa6 27. Qb3 Qe5 28. Rfd1 Rd8 29. Bd4 Qd6 30. a3 Rc6 31. Qe3 Rdc8 1/2-1/2

[Event "Auburn Hills op"]
[Site "Auburn Hills"]
[Date "2004.04.18"]
[Round "5"]
[White "Scioly, Anthony"]
[Black "Liu, Tianyi"]
[Result "1-0"]
[WhiteElo "1597"]
[BlackElo "1411"]
[PlyCount "43"]
[EventDate "2004.04.17"]
[EventType "swiss"]
[EventRounds "5"]
[EventCountry "USA"]
[SourceTitle "EXT 2008"]
[Source "ChessBase"]
[SourceDate "2007.11.25"]
[SourceVersion "1"]
[SourceVersionDate "2007.11.25"]
[SourceQuality "1"]

1. e4 c5 2. Nf3 Nc6 3. d4 cxd4 4. Nxd4 Nf6 5. Nc3 e6 6. Bg5 Be7 7. f4 d6 8. Qd2 Nd7 9. Bxe7 Qxe7 10. 0-0-0 a6 11. Nxc6 bxc6 12. Qxd6 Qxd6 13. Rxd6 Ke7 14. Rxc6 Bb7 15. Rc4 Rac8 16. Rxc8 Rxc8 17. Bd3 a5 18. Rd1 Nc5 19. g3 Nxd3+ 20. Rxd3 e5 21. Nd5+ Ke6 22. f5+ 1-0

[Event "Auburn Hills op"]
[Site "Auburn Hills"]
[Date "2004.04.17"]
[Round "2"]
[White "Gore, Ron"]
[Black "Liu, Tianyi"]
[Result "0-1"]
[WhiteElo "1588"]
[BlackElo "1411"]
[PlyCount "86"]
[EventDate "2004.04.17"]
[EventType "swiss"]
[EventRounds "5"]
[EventCountry "USA"]
[SourceTitle "EXT 2008"]
[Source "ChessBase"]
[SourceDate "2007.11.25"]
[SourceVersion "1"]
[SourceVersionDate "2007.11.25"]
[SourceQuality "1"]

1. e4 c5 2. Nc3 e6 3. g3 Nc6 4. Bg2 Nf6 5. d3 d6 6. f4 Be7 7. Nf3 Qc7 8. 0-0 0-0 9. Be3 a6 10. h3 b6 11. g4 Bb7 12. Ne2 d5 13. e5 Nd7 14. c3 Rfd8 15. d4 cxd4 16. cxd4 Rac8 17. Ng3 a5 18. f5 Kh8 19. a3 Nf8 20. Ng5 Bxg5 21. Bxg5 f6 22. Bf4 fxe5 23. dxe5 Ne7 24. f6 Neg6 25. fxg7+ Qxg7 26. Bg5 Nd7 27. Bxd8 Rxd8 28. Qe2 Ngxe5 29. Nh5 Qg5 30. Rf2 Nc5 31. Rd1 Ba6 32. Qd2 Qxd2 33. Rdxd2 Bc4 34. Rf6 a4 35. Nf4 d4 36. Rd1 d3 37. Bf1 Bb3 38. Nxd3 Nexd3 39. Rb1 Ne4 40. Rf7 Nec5 41. Bxd3 Nxd3 42. Rbf1 Kg8 43. Rb7 e5 0-1

[Event "Auburn Hills op"]
[Site "Auburn Hills"]
[Date "2004.04.17"]
[Round "1"]
[White "Liu, Tianyi"]
[Black "Holden, Anthony"]
[Result "0-1"]
[WhiteElo "1411"]
[BlackElo "1566"]
[PlyCount "86"]
[EventDate "2004.04.17"]
[EventType "swiss"]
[EventRounds "5"]
[EventCountry "USA"]
[SourceTitle "EXT 2008"]
[Source "ChessBase"]
[SourceDate "2007.11.25"]
[SourceVersion "1"]
[SourceVersionDate "2007.11.25"]
[SourceQuality "1"]

1. e4 c5 2. Nf3 e5 3. Nxe5 Qe7 4. Nf3 d5 5. d3 dxe4 6. dxe4 Qxe4+ 7. Qe2 Qxe2+ 8. Bxe2 Bf5 9. c4 Nc6 10. Bd2 0-0-0 11. 0-0 h6 12. Nc3 g5 13. Be3 b6 14. Rad1 Bg7 15. Rxd8+ Kxd8 16. Rd1+ Kc8 17. Nb5 Be6 18. b3 Nge7 19. Ne1 a6 20. Nd6+ Kc7 21. Ne4 f5 22. Nxc5 bxc5 23. Bxc5 Rd8 24. Rxd8 Kxd8 25. Nd3 Bd4 26. Bxd4 Nxd4 27. Kf1 a5 28. f4 Nec6 29. Kf2 Ke7 30. Bf3 Kd6 31. Ke3 Nc2+ 32. Kd2 N6d4 33. Bd1 Nb4 34. Kc3 Ndc6 35. a3 Nxd3 36. Kxd3 gxf4 37. Bf3 Ne5+ 38. Ke2 a4 39. Bd5 axb3 40. Bxe6 Kxe6 41. Kd2 Nxc4+ 42. Kc3 b2 43. Kc2 Kd5 0-1